<?xml version="1.0" encoding="UTF-8"?>
<record
    xmlns:xsi="http://www.w3.org/2001/XMLSchema-instance"
    xsi:schemaLocation="http://www.loc.gov/MARC21/slim http://www.loc.gov/standards/marcxml/schema/MARC21slim.xsd"
    xmlns="http://www.loc.gov/MARC21/slim">

  <leader>02822nam a2200277   4500</leader>
  <controlfield tag="001">ESSALUD</controlfield>
  <controlfield tag="005">20260701103553.0</controlfield>
  <controlfield tag="007">ta</controlfield>
  <controlfield tag="008">      t        pe ||||| |||| 00| 0 spa d</controlfield>
  <datafield tag="040" ind1=" " ind2=" ">
    <subfield code="a">BMG</subfield>
  </datafield>
  <datafield tag="041" ind1=" " ind2=" ">
    <subfield code="a">spa</subfield>
  </datafield>
  <datafield tag="100" ind1=" " ind2=" ">
    <subfield code="a">Rioja Berm&#xFA;dez, Alexander </subfield>
    <subfield code="e">Autor</subfield>
    <subfield code="9">47321</subfield>
  </datafield>
  <datafield tag="245" ind1=" " ind2=" ">
    <subfield code="a">Estrategias de litigaci&#xF3;n y teor&#xED;a del caso </subfield>
    <subfield code="b">Perspectivas en el modelo de oralidad civil </subfield>
  </datafield>
  <datafield tag="246" ind1=" " ind2=" ">
    <subfield code="a">Litigation Strategies and Case Theory </subfield>
    <subfield code="b">Perspectives within the civil orality model </subfield>
  </datafield>
  <datafield tag="300" ind1=" " ind2=" ">
    <subfield code="a">p&#xE1;ginas 9-21</subfield>
  </datafield>
  <datafield tag="520" ind1=" " ind2=" ">
    <subfield code="a">El autor considera que la teor&#xED;a del caso trasciende la dicotom&#xED;a entre "verdad" y "estrategia", demostrando que en el Derecho Procesal la verdad solo es procesalmente relevante cuando se presenta a trav&#xE9;s de un planteamiento estrat&#xE9;&#xAD;gico que cumpla con los est&#xE1;ndares de sencillez, l&#xF3;gica y suficiencia jur&#xED;dica, convir&#xAD;tiendo al abogado en un profesional que no solo conoce la ley, sino que sabe narrar y probar. Asimismo, refiere que la utilidad de una teor&#xED;a del caso correctamente estructurada trasciende la mera redacci&#xF3;n de la demanda, convirti&#xE9;ndose en el mapa estrat&#xE9;gico que gu&#xED;a toda la actividad en el proceso civil, en la medida en que una de sus funciones primordiales es planificar y organizar los alegatos de apertura. Todo ello, afirma, es vital en el nuevo modelo de oralidad, pues permite al abogado presentar una hip&#xF3;tesis coherente que capture la atenci&#xF3;n del juez desde el primer contacto directo en la audiencia preliminar. </subfield>
  </datafield>
  <datafield tag="520" ind1=" " ind2=" ">
    <subfield code="a">The author posits that the cose theory tronscends the dichotomy between "truth" ond "strotegy," demonstroting thot in procedurol low, truth is only relevant when presented through a strotegic fromework that meets the standards of simp/icity, /ogic, and legal sufficiency. This tronsforms the lawyer into o professiono/ who not on/y knows the /ow but a/so masters norrotion and evidence. Furthermore, the author notes thot the utility of a proper/y structured cose theory goes beyond the mere drofting of the complaint; it serves os the strotegic roodmap guiding al! octivity within the civil proceedings, os one of its primory functions is to pion and organize the opening stotements. Al! of this, he osserts, is vital in the new orolity model, os it al/ows the /owyer to present o coherent hypothesis thot captures the judge's ottention from the first direct contoct at the preliminary hearing. </subfield>
  </datafield>
  <datafield tag="650" ind1=" " ind2=" ">
    <subfield code="a">TEOR&#xCD;A DEL CASO</subfield>
    <subfield code="9">52919</subfield>
  </datafield>
  <datafield tag="650" ind1=" " ind2=" ">
    <subfield code="a">LITIGACI&#xD3;N ORAL</subfield>
    <subfield code="9">52920</subfield>
  </datafield>
  <datafield tag="650" ind1=" " ind2=" ">
    <subfield code="a">AUDIENCIA PRELIMINAR</subfield>
    <subfield code="9">52921</subfield>
  </datafield>
  <datafield tag="650" ind1=" " ind2=" ">
    <subfield code="a">CASE THEORY</subfield>
    <subfield code="9">52922</subfield>
  </datafield>
  <datafield tag="650" ind1=" " ind2=" ">
    <subfield code="a">ORAL ADVOCACY</subfield>
    <subfield code="9">53037</subfield>
  </datafield>
  <datafield tag="650" ind1=" " ind2=" ">
    <subfield code="a">PRELIMINARY HEARING</subfield>
    <subfield code="9">52924</subfield>
  </datafield>
  <datafield tag="773" ind1="0" ind2=" ">
    <subfield code="0">22573</subfield>
    <subfield code="9">22620</subfield>
    <subfield code="d">Lima Grupo Praxis Formaci&#xF3;n Profesional, 2026-</subfield>
    <subfield code="o">PRA001</subfield>
    <subfield code="t">Praxis Civil &amp; Procesal Civil</subfield>
    <subfield code="w">ESSALUD</subfield>
    <subfield code="x">3119-7671</subfield>
  </datafield>
  <datafield tag="942" ind1=" " ind2=" ">
    <subfield code="c">ARTICULOS</subfield>
    <subfield code="e">2026-06-30</subfield>
    <subfield code="z">sqb</subfield>
  </datafield>
  <datafield tag="999" ind1=" " ind2=" ">
    <subfield code="c">22574</subfield>
    <subfield code="d">22574</subfield>
  </datafield>
</record>
